[Event "5th EKA IIFL Investment 2019"]
[Site "Mumbai"]
[Date "2020.01.02"]
[Round "4.3"]
[White "Taher, Yoseph Theolifus"]
[Black "Mendonca, Leon Luke"]
[Result "1/2-1/2"]
[WhiteElo "2469"]
[BlackElo "2398"]
[Annotator "TA"]
[PlyCount "76"]
[EventDate "2019.12.30"]
[EventType "swiss"]
[EventCountry "IND"]
[SourceTitle "playchess.com"]
[Source "ChessBase"]
[SourceQuality "1"]

{[%evp 9,76,8,15,0,8,7,29,0,10,0,20,23,33,40,40,35,37,31,35,16,11,7,66,0,30,0,0,0,0,0,15,15,15,11,13,13,10,10,10,10,15,13,13,11,12,12,9,1,6,0,0,0,0,0,22,22,18,18,19,18,22,0,0,0,22,0,0,0,22]} 1. e4 c5 2. Nf3 d6 3. d4 cxd4 4. Qxd4 Nc6 5. Qe3 g6 6. Be2 {B53: Sicilian: 2...d6: Lines with Qxd4} Bg7 7. O-O Nf6 8. h3 {White has an edge.} O-O (8... Nd7 9. Nc3 O-O 10. Rb1 a6 11. Bd2 b5 12. Nd5 e6 {1-0 (57) Harikrishna,P (2733)-Korobov,A (2694) Czech Republic 2019}) 9. Rd1 Be6 10. Nc3 Qb6 11. Qxb6 axb6 12. a3 Rfc8 $146 ({Predecessor:} 12... Nd7) 13. Rb1 Na5 14. Bd3 Nc4 15. Nb5 Nd7 ({Black should try} 15... Bd7 $11 16. Nc3 Be6) 16. b3 Nce5 17. Nxe5 Nxe5 {The position is equal.} 18. c4 Nxd3 19. Rxd3 Bd7 20. a4 f5 21. Bg5 fxe4 22. Re3 Bxb5 23. axb5 {[#]} d5 $1 {[%mdl 512]} 24. cxd5 Rc5 25. Rxe4 Rxd5 26. Bxe7 Re8 27. Rbe1 Rxb5 28. b4 Kf7 29. g3 Rd5 30. Kg2 h6 31. R4e3 Rd4 32. Rf3+ Kg8 33. Ree3 h5 34. h4 Bh6 35. Re6 Bg7 36. Ree3 Bh6 37. Re6 Bg7 38. Ree3 Bh6 {Accuracy: White = 64%, Black = 70%.} 1/2-1/2

[Event "5th EKA IIFL Investment 2019"]
[Site "Mumbai"]
[Date "2020.01.02"]
[Round "4.4"]
[White "Czebe, Attila"]
[Black "Gholami, Aryan"]
[Result "1/2-1/2"]
[WhiteElo "2374"]
[BlackElo "2541"]
[Annotator "TA"]
[PlyCount "74"]
[EventDate "2019.12.30"]
[EventType "swiss"]
[EventCountry "IND"]
[SourceTitle "playchess.com"]
[Source "ChessBase"]
[SourceQuality "1"]

{[%evp 18,74,19,-3,26,21,20,21,20,24,23,10,7,0,0,-1,-1,-35,-15,-8,0,-26,-2,-12,14,-6,0,-30,-16,-35,0,0,0,0,0,0,0,0,5,0,0,0,21,25,20,0,0,0,0,0,0,0,0,0,0,0,0,0,0]} 1. Nf3 Nf6 2. g3 b6 3. Bg2 Bb7 4. O-O e6 5. b3 c5 6. Bb2 d5 7. c4 dxc4 8. bxc4 Be7 9. d3 O-O 10. Nbd2 Nc6 {A14: English Opening: 1...e6 with b3 by White} 11. Ne5 Qc7 12. Nxc6 (12. Ndf3 Nxe5 13. Bxe5 Qd7 14. a4 Qc8 15. a5 Nd7 16. Bc3 Bc6 17. Qc2 Bf6 18. Bxf6 Nxf6 {½-½ (30) So,W (2815)-Carlsen,M (2832) chess.com INT 2017}) 12... Bxc6 13. Bxc6 Qxc6 14. Qc2 $146 ({Predecessor:} 14. Nf3 Rfd8 15. Qb3 Rab8 16. a4 a5 17. Bc3 Ne8 18. Nd2 {0-1 (76) Tsyhanchuk,S (2362)-Zubov,A (2601) Minsk 2015}) 14... Nd7 15. Rfb1 f5 16. Qd1 e5 17. Qf1 Bg5 18. Rd1 Qh6 19. Bc3 Rae8 20. Qg2 Nf6 21. Nf1 Qh5 22. Re1 e4 23. a4 f4 24. gxf4 Bxf4 25. dxe4 $1 Be5 26. Bxe5 $1 Qxe5 27. f3 Qd4+ {[%mdl 64] [#] Double Attack} 28. Kh1 Qxc4 29. Ne3 Qc3 30. Nf5 {[%csl Gf5][%cal Rg2g7]} g6 31. Rac1 {The position is equal.} Qb4 32. Red1 Qxa4 33. Ra1 Qc2 34. Rdc1 Qd2 35. Rd1 Qc2 36. Rdc1 Qd2 37. Rd1 Qc2 {Accuracy: White = 56%, Black = 61%.} 1/2-1/2

[Event "5th EKA IIFL Investment 2019"]
[Site "Mumbai"]
[Date "2020.01.02"]
[Round "4.5"]
[White "Vaibhav, Suri"]
[Black "Harshavardhan G B"]
[Result "1/2-1/2"]
[WhiteElo "2597"]
[BlackElo "2344"]
[Annotator "TA"]
[PlyCount "69"]
[EventDate "2019.12.30"]
[EventType "swiss"]
[EventCountry "IND"]
[SourceTitle "playchess.com"]
[Source "ChessBase"]
[SourceQuality "1"]

{[%evp 13,69,6,10,0,16,-23,0,0,0,0,86,75,79,72,97,41,43,44,50,51,51,64,63,51,75,32,87,87,81,50,102,96,91,93,99,115,117,65,68,75,62,21,19,13,7,0,0,0,0,0,0,0,91,0,0,0,128,0]} 1. e4 e5 2. Nf3 Nc6 3. Bb5 a6 4. Ba4 Nf6 5. d3 d6 6. c4 g6 7. Nc3 Bg7 8. Nd5 {C77: Ruy Lopez: 3...a6 4 Ba4 Nf6, unusual lines} Nd7 9. h4 $146 ({Predecessor:} 9. Bg5 f6 10. Be3 O-O 11. O-O Kh8 12. Re1 Rf7 13. h3 Nc5 14. Bxc5 dxc5 15. Bxc6 bxc6 {1-0 (74) Filippov,A (2582)-Buhmann,R (2640) Baku 2016}) 9... h5 10. Bg5 {The position is equal.} f6 11. Be3 Ne7 (11... Nc5 $11) 12. d4 $16 c6 13. Nc3 O-O 14. Bb3 (14. dxe5 $1 $16 Nxe5 15. Nxe5 fxe5 16. Qd3) 14... c5 15. dxe5 Nxe5 16. Nxe5 fxe5 17. Ba4 $1 Be6 18. Qe2 Qc7 19. Rd1 Nc6 (19... Rad8 $14) 20. Bxc6 $1 Qxc6 21. Bg5 Bf6 (21... b5 $14) 22. Nd5 Bxg5 23. hxg5 {And now Ne7+ would win.} Bxd5 24. Rxd5 Qd7 25. Qd2 (25. O-O $16) 25... Rad8 $14 26. O-O h4 27. Rd1 {[%cal Rd5d6]} Qg4 $1 {Hoping for ...h3.} 28. Qe3 Rf4 $1 29. f3 Qxg5 30. Rxd6 Rdf8 31. R1d2 h3 32. Kh2 Qh5 {[#]} (32... hxg2 $11 {remains equal.} 33. Kg1 Qh5 34. Rxg2 Qxf3 35. Qxf3 (35. Rgxg6+ Kf7 $14) 35... Rxf3) 33. Kg1 (33. g4 $1 $16 {[%cal Rg4h5]} Qg5 34. R2d3) 33... Qg5 (33... R8f7 $11 {keeps the balance.}) 34. Kh2 $16 Qh5 {[#] ...hxg2+ is the strong threat.} 35. Kg1 {Accuracy: White = 53%, Black = 51%.} (35. g4 $1 $16 {[%cal Rg4h5]} Qg5 36. R2d3) 1/2-1/2

[Event "5th EKA IIFL Investment 2019"]
[Site "Mumbai"]
[Date "2020.01.02"]
[Round "4.6"]
[White "Tukhaev, Adam"]
[Black "Girinath, P.D.S."]
[Result "1-0"]
[WhiteElo "2552"]
[BlackElo "2330"]
[Annotator "TA"]
[PlyCount "66"]
[EventDate "2019.12.30"]
[EventType "swiss"]
[EventCountry "IND"]
[SourceTitle "playchess.com"]
[Source "ChessBase"]
[SourceQuality "1"]

{[%evp 15,66,61,62,66,52,59,57,60,52,71,53,60,64,70,76,71,94,76,75,42,53,32,217,222,218,210,222,211,199,27,10,33,116,118,121,151,267,257,655,669,657,635,730,712,814,789,12839,12839,5895,1703,2784,1047,922]} 1. e4 e6 2. d4 d5 3. Nd2 c5 4. Ngf3 Nc6 5. Bb5 Nf6 6. exd5 exd5 7. O-O Be7 8. dxc5 Bxc5 9. Re1+ {C08: French Tarrasch: 3...c5 4 exd5 exd5 sidelines} Be6 10. Nb3 {[%cal Bd2b3,Bb3d4,Bd4c6][%mdl 32]} Bb6 11. Nbd4 {White is slightly better.} O-O 12. Bxc6 ({But not} 12. Nxe6 fxe6 13. Bxc6 bxc6 $15) 12... bxc6 13. Nxc6 Qd6 14. Nce5 Rac8 $146 ({Predecessor:} 14... Ng4 15. Nxg4 Bxg4 16. Qd3 Rae8 {0-1 (37) Prusikin,M (2519)-Miezis,N (2498) Morso 2002}) 15. c3 $36 {[%mdl 2048] Black is under strong pressure.} Rfe8 16. Be3 Bf5 17. Qa4 Be4 $1 18. Bd4 Re6 $2 {[#]} (18... h6 $14) 19. Nxf7 $1 $18 {[%mdl 64] Decoy} Kxf7 20. Ng5+ Kg8 {Hoping for ...Ng4!} 21. Nxe6 {Threatens to win with Bxb6.} Ng4 22. g3 $2 (22. Rxe4 $1 $18 dxe4 23. Qb3 (23. Bxb6 Qxh2+ 24. Kf1 Qh1+ 25. Ke2 Qxa1 $11) 23... Qxh2+ 24. Kf1) 22... Qxe6 $11 {[#]} 23. f3 $1 {[%cal Rf3e4][%mdl 576] Double Attack} Bxd4+ ({Better is} 23... Rc4 $14 24. Qb5 (24. Qd1 Bxd4+ 25. cxd4 Qb6 $14) 24... Rxd4 25. cxd4 Bxd4+ 26. Kf1 Nxh2+ {[%mdl 64] Double Attack} 27. Ke2 Nxf3 28. Qb8+ Kf7 29. a4 Ne5 30. Kd1 Qg4+ {[%mdl 64] Double Attack} 31. Kc1 Nd3+ {[%mdl 64] Double Attack} 32. Kb1 Nxe1+ 33. Ka2 Nd3 34. Rf1+ Kg6 35. Qd6+ Kg5 36. Qd8+ Kh5 37. Qh4+ Qxh4 38. gxh4 Nxb2 39. Rf4 Nxa4 40. Ka3 Nc5 41. Rf1 Kxh4 42. Rf4+ Kg5 43. Rf8 h5 44. Rc8 h4 45. Rh8 Kg4 46. Rb8 h3 47. Rf8 h2 48. Rh8 h1=Q 49. Rxh1 Bxh1 50. Kb4 Be3 51. Kb5 Be4 52. Kc6 d4+ 53. Kd6 d3 54. Ke5 d2 55. Kd6 d1=Q+ 56. Ke7 Qd7+ 57. Kf8 Ne6+ 58. Kg8 Qe8#) (23... Bxf3 24. Rxe6) 24. Qxd4 $16 {[%mdl 64] Pin} Ne5 25. Qe3 {[%mdl 64] Pin} Nc4 (25... Qf7 $16 26. fxe4 Nf3+ 27. Kg2 Nxe1+ 28. Rxe1 dxe4) 26. Qxa7 $18 Nxb2 $2 (26... Ne5 27. fxe4 Nf3+ 28. Kg2 Nxe1+ 29. Rxe1 dxe4) 27. fxe4 {White is clearly winning.} dxe4 28. Qb7 {[%mdl 64] Double Attack} Nd3 29. Rxe4 Qf5 30. Rf1 Qc5+ 31. Kg2 h6 32. Rf3 Rd8 33. Qf7+ Kh7 {Accuracy: White = 57%, Black = 48%.} 1-0

[Event "5th EKA IIFL Investment 2019"]
[Site "Mumbai"]
[Date "2020.01.02"]
[Round "4.7"]
[White "Sammed Jaykumar, Shete"]
[Black "Stupak, Kirill"]
[Result "1/2-1/2"]
[WhiteElo "2381"]
[BlackElo "2529"]
[Annotator "RC"]
[PlyCount "107"]
[EventDate "2019.12.30"]
[EventType "swiss"]
[EventCountry "IND"]
[SourceTitle "playchess.com"]
[Source "ChessBase"]
[SourceQuality "1"]
[TimeControl "40/5400+30:1800+30"]

1. e4 {[%emt 0:00:00]} e6 {[%emt 0:00:10]} 2. d4 {[%emt 0:00:00]} d5 {[%emt 0:00:03]} 3. e5 {[%emt 0:00:00]} c5 {[%emt 0:00:41]} 4. c3 {[%emt 0:00:02]} Qb6 {[%emt 0:00:04]} 5. Nf3 {[%emt 0:00:18]} Bd7 {[%emt 0:01:42]} 6. Be2 {[%emt 0:00:44]} cxd4 {[%emt 0:01:41]} 7. Nxd4 {[%emt 0:12:24]} Ne7 {[%emt 0:06:48]} 8. Nd2 {[%emt 0:07:29]} Nbc6 {[%emt 0:07:28]} 9. N2f3 {[%emt 0:00:38]} Nxd4 {[%emt 0:06:10]} 10. Nxd4 {[%emt 0:00:52]} Nc6 {[%emt 0:02:05]} 11. Nxc6 {[%emt 0:02:03]} Bxc6 {[%emt 0:02:38]} 12. O-O {[%emt 0:02:53]} Be7 {[%emt 0:08:17]} 13. a4 {[%emt 0:06:52]} a5 {[%emt 0:06:37]} 14. Bd3 {[%emt 0:00:47]} d4 {[%emt 0:01:57]} 15. c4 {[%emt 0:08:54]} h5 {[%emt 0:04:01]} 16. b3 {[%emt 0:09:06]} O-O-O {[%emt 0:04:45]} 17. Bd2 {[%emt 0:03:08]} Bb4 {[%emt 0:03:17]} 18. Rb1 {[%emt 0:03:03]} f5 {[%emt 0:09:10]} 19. Bxb4 {[%emt 0:14:32]} Qxb4 {[%emt 0:00:48]} 20. Qe1 {[%emt 0:00:10]} Qxe1 {[%emt 0:07:56]} 21. Rbxe1 {[%emt 0:02:00]} g5 {[%emt 0:02:38]} 22. f3 {[%emt 0:04:19]} Kc7 {[%emt 0:03:00]} 23. Rc1 {[%emt 0:00:59]} g4 {[%emt 0:00:52]} 24. f4 {[%emt 0:03:05]} h4 {[%emt 0:06:40]} 25. Rfd1 {[%emt 0:00:33]} Rh7 {[%emt 0:02:12]} 26. Rd2 {[%emt 0:02:37]} Rhd7 {[%emt 0:07:34]} 27. Kf1 {[%emt 0:00:09]} g3 {[%emt 0:00:44]} 28. h3 {[%emt 0:00:30]} Be4 {[%emt 0:02:43]} 29. Ke1 {[%emt 0:01:09]} Kc6 {[%emt 0:00:27]} 30. Kd1 {[%emt 0:00:13]} Kc5 {[%emt 0:00:08]} 31. Kc2 {[%emt 0:00:28]} Kb4 {[%emt 0:01:37]} 32. Kb2 {[%emt 0:00:59]} Rc7 {[%emt 0:00:03]} 33. Ra1 {[%emt 0:02:01]} Bc6 {[%emt 0:00:38]} 34. Rc1 {[%emt 0:02:18]} Kc5 {[%emt 0:00:03]} 35. Re1 {[%emt 0:00:54]} Rcc8 {[%emt 0:00:03]} 36. Rc1 {[%emt 0:02:07]} Ra8 {[%emt 0:00:01]} 37. Ka3 {[%emt 0:03:03]} Ra6 {[%emt 0:00:05]} 38. Rb1 {[%emt 0:00:35]} Rb6 {[%emt 0:00:08]} 39. Rbb2 {[%emt 0:00:23]} Rb4 {[%emt 0:01:22]} 40. Re2 {[%emt 0:00:00]} Ra8 {[%emt 0:00:00]} 41. Red2 {[%emt 0:03:15]} Be4 {[%emt 0:03:23]} 42. Rbc2 {[%emt 0:01:33]} Rd8 {[%emt 0:03:18]} 43. Ka2 {[%emt 0:01:42]} Rc8 {[%emt 0:00:31]} 44. Ka3 {[%emt 0:00:37]} Rc6 {[%emt 0:00:55]} 45. Rb2 {[%emt 0:00:19]} Rc8 {[%emt 0:01:23]} 46. Rbc2 {[%emt 0:00:17]} Rc7 {[%emt 0:00:01]} 47. Ka2 {[%emt 0:01:27]} Rc6 {[%emt 0:09:07]} 48. Ka3 {[%emt 0:00:45]} Rcb6 {[%emt 0:00:10]} 49. Rb2 {[%emt 0:00:04]} Bc6 {[%emt 0:00:14]} 50. Re2 {[%emt 0:00:25]} Be8 {[%emt 0:01:24]} 51. Red2 {[%emt 0:00:42]} Bc6 {[%emt 0:00:11]} 52. Re2 {[%emt 0:00:07]} Be8 {[%emt 0:00:04]} 53. Red2 {[%emt 0:00:04]} Bc6 {[%emt 0:00:05]} 54. Re2 {[%emt 0:00:04]} 1/2-1/2

[Event "5th EKA IIFL Investment 2019"]
[Site "Mumbai"]
[Date "2020.01.02"]
[Round "4.8"]
[White "Yudin, Sergei"]
[Black "Vantika, Agrawal"]
[Result "1-0"]
[WhiteElo "2497"]
[BlackElo "2287"]
[Annotator "ChessBase"]
[PlyCount "118"]
[EventDate "2019.12.30"]
[EventType "swiss"]
[EventCountry "IND"]
[SourceTitle "playchess.com"]
[Source "ChessBase"]
[SourceQuality "1"]
[TimeControl "40/5400+30:1800+30"]

1. e4 {[%emt 0:00:34]} c5 {[%emt 0:00:00]} 2. Nf3 {[%emt 0:00:07]} Nc6 {[%emt 0:00:00]} 3. Bb5 {[%emt 0:00:07]} g6 {[%emt 0:00:21]} 4. O-O {[%emt 0:00:18]} Bg7 {[%emt 0:00:04]} 5. c3 {[%emt 0:00:13]} Nf6 {[%emt 0:01:37]} 6. Re1 {[%emt 0:00:12]} O-O {[%emt 0:00:34]} 7. d4 {[%emt 0:00:19]} d5 {[%emt 0:05:07]} 8. e5 {[%emt 0:00:31]} Ne4 {[%emt 0:01:50]} 9. Bxc6 {[%emt 0:03:39]} bxc6 {[%emt 0:00:10]} 10. Be3 {[%emt 0:00:06]} cxd4 {[%emt 0:12:33]} 11. cxd4 {[%emt 0:00:26]} Qb6 {[%emt 0:02:46]} 12. Qc1 {[%emt 0:01:06]} Rb8 {[%emt 0:05:09]} 13. b3 {[%emt 0:02:43]} a5 {[%emt 0:03:25]} 14. Nc3 {[%emt 0:01:48]} Nxc3 {[%emt 0:03:04]} 15. Qxc3 {[%emt 0:00:44]} Bg4 {[%emt 0:15:47]} 16. Nd2 {[%emt 0:06:59]} Rfc8 {[%emt 0:02:30]} 17. Rec1 {[%emt 0:09:26]} Bf8 {[%emt 0:06:53]} 18. h3 {[%emt 0:02:44]} Bd7 {[%emt 0:00:52]} 19. Nf3 {[%emt 0:00:08]} e6 {[%emt 0:04:40]} 20. Ne1 {[%emt 0:04:42]} a4 {[%emt 0:12:59]} 21. Nd3 {[%emt 0:06:48]} axb3 {[%emt 0:08:52]} 22. Rcb1 {[%emt 0:02:51]} Qb5 {[%emt 0:04:59]} 23. axb3 {[%emt 0:07:49]} Rc7 {[%emt 0:03:09]} 24. Bc1 {[%emt 0:04:57]} Bb4 {[%emt 0:03:15]} 25. Nxb4 {[%emt 0:01:43]} Qxb4 {[%emt 0:00:04]} 26. Qe3 {[%emt 0:00:20]} Rcb7 {[%emt 0:01:47]} 27. Ba3 Qb6 {[%emt 0:00:25]} 28. Bd6 {[%emt 0:06:35]} Rc8 {[%emt 0:00:22]} 29. b4 {[%emt 0:01:01]} Qd8 {[%emt 0:00:37]} 30. Qf4 {[%emt 0:00:42]} Ra8 {[%emt 0:00:37]} 31. Qf6 {[%emt 0:02:07]} Qe8 {[%emt 0:00:25]} 32. Kh2 {[%emt 0:01:37]} Rba7 {[%emt 0:00:24]} 33. Ra5 {[%emt 0:00:23]} Bc8 {[%emt 0:00:36]} 34. h4 {[%emt 0:00:50]} h6 {[%emt 0:00:33]} 35. h5 {[%emt 0:03:41]} Kh7 {[%emt 0:00:31]} 36. hxg6+ {[%emt 0:00:18]} fxg6 {[%emt 0:00:06]} 37. Rb3 {[%emt 0:00:16]} Ba6 {[%emt 0:00:52]} 38. Rh3 {[%emt 0:04:25]} Rf7 {[%emt 0:00:29]} 39. Qh4 {[%emt 0:00:34]} h5 {[%emt 0:00:17]} 40. Rha3 {[%emt 0:00:00]} Bb7 {[%emt 0:00:00]} 41. Rxa8 {[%emt 0:01:53]} Bxa8 {[%emt 0:00:55]} 42. g4 {[%emt 0:00:51]} Bb7 {[%emt 0:08:37]} 43. gxh5 {[%emt 0:15:16]} g5 {[%emt 0:01:41]} 44. Qxg5 {[%emt 0:01:04]} Rxf2+ {[%emt 0:00:54]} 45. Kg3 {[%emt 0:00:44]} Rf5 {[%emt 0:02:28]} 46. Qe7+ {[%emt 0:00:20]} Qf7 {[%emt 0:01:18]} 47. Qxf7+ {[%emt 0:00:21]} Rxf7 {[%emt 0:00:05]} 48. Ra7 {[%emt 0:02:07]} Kh6 {[%emt 0:01:48]} 49. Kg4 {[%emt 0:00:46]} Rg7+ {[%emt 0:01:10]} 50. Kh4 {[%emt 0:00:12]} Rf7 {[%emt 0:00:20]} 51. Bc5 {[%emt 0:00:09]} Rf4+ {[%emt 0:02:20]} 52. Kg3 {[%emt 0:00:08]} Rf7 {[%emt 0:00:07]} 53. Kg4 {[%emt 0:00:05]} Rg7+ {[%emt 0:07:50]} 54. Kh4 {[%emt 0:00:26]} Rf7 {[%emt 0:00:12]} 55. Bb6 {[%emt 0:00:17]} Rd7 {[%emt 0:01:02]} 56. Ba5 {[%emt 0:00:59]} Rg7 {[%emt 0:07:56]} 57. Bd8 {[%emt 0:01:48]} Rd7 {[%emt 0:00:31]} 58. Bg5+ {[%emt 0:02:07]} Kh7 {[%emt 0:00:15]} 59. Bf6 {[%emt 0:00:46]} Kh6 1-0

[Event "5th EKA IIFL Investment 2019"]
[Site "Mumbai"]
[Date "2020.01.02"]
[Round "4.9"]
[White "Pranesh, M."]
[Black "Krishna C R G"]
[Result "1-0"]
[WhiteElo "2317"]
[BlackElo "2459"]
[Annotator "TA"]
[PlyCount "69"]
[EventDate "2019.12.30"]
[EventType "swiss"]
[EventCountry "IND"]
[SourceTitle "playchess.com"]
[Source "ChessBase"]
[SourceQuality "1"]

{[%evp 15,69,38,27,31,37,35,84,31,97,47,48,58,50,14,28,20,14,31,14,22,22,0,0,0,0,0,0,0,101,114,120,110,106,112,92,92,114,101,116,95,83,93,139,109,160,136,133,128,137,101,249,244,211,132,160,124]} 1. e4 d6 2. d4 Nf6 3. Nc3 Nbd7 4. f4 e5 5. Nf3 exd4 6. Qxd4 c6 7. Be3 d5 8. e5 Ng4 {[#] Hoping for ...Bc5.} 9. Bg1 $1 {B07: Pirc Defence: Miscellaneous Systems} Nh6 (9... Bc5 10. Qd2 Bxg1 11. Rxg1 Qb6 12. Na4 Qe3+ 13. Qxe3 Nxe3 14. Bd3 Nb6 15. Nc5 Bg4 16. Nxb7 O-O {1-0 (48) Karjakin,S (2775)-Nepomniachtchi,I (2707) Moscow 2012}) 10. O-O-O Qa5 11. Kb1 (11. a3 $16) 11... Nb6 ({Black should try} 11... Bb4 $14) 12. a3 Be6 $146 ({Predecessor:} 12... Bg4 13. Qd2 Bxf3 14. gxf3 Be7 15. Bd3 g6 16. Bd4 c5 {0-1 (31) Watson,W (2540)-Bauer,C (2465) Germany 1996}) 13. Qd2 O-O-O 14. Nd4 Nc4 15. Qe1 Nxb2 $1 16. Kxb2 {[#] Threatens to win with Nb1.} Bxa3+ 17. Kb1 Qb4+ 18. Nb3 {Bc5 is the strong threat.} d4 $1 19. Ne4 {aiming for Qxb4.} Qa4 $1 20. Rd3 $1 {[%cal Rg1d4]} ({Avoid the trap} 20. Rxd4 $2 Rxd4 21. Bxd4 (21. Nxd4 $2 {loses.} Ba2+ 22. Ka1 Bd5 $19) 21... Bxb3 $19) 20... Bb4 21. Qc1 {And now Qb2 would win.} Bf5 (21... Ba3 $1 $11 22. Qd1 Nf5) 22. Nec5 $16 Bxc5 23. Nxc5 Qb4+ 24. Nb3 Bxd3 25. Bxd3 g6 26. Qd2 Qb6 27. Qa5 Qxa5 28. Nxa5 Rd5 29. Nc4 {[%mdl 1024] White has strong compensation.} Re8 (29... Rhd8 $142) 30. Bf2 Ng4 31. Bh4 Kd7 32. Re1 Ne3 (32... b5 $16 {might work better.}) 33. Nxe3 $18 {White is clearly better.} dxe3 34. Bc4 ({Much less strong is} 34. Rxe3 $6 Rd4 $16) 34... Rd4 35. Bxf7 {Accuracy: White = 67%, Black = 48%.} 1-0

[Event "5th EKA IIFL Investment 2019"]
[Site "Mumbai"]
[Date "2020.01.02"]
[Round "4.10"]
[White "Mirzoev, Azer"]
[Black "Navalgund, Niranjan"]
[Result "1-0"]
[WhiteElo "2457"]
[BlackElo "2231"]
[Annotator "TA"]
[PlyCount "77"]
[EventDate "2019.12.30"]
[EventType "swiss"]
[EventCountry "IND"]
[SourceTitle "playchess.com"]
[Source "ChessBase"]
[SourceQuality "1"]

{[%evp 11,77,0,-6,-10,11,10,21,-6,39,19,28,17,28,27,52,32,33,39,33,0,2,9,14,25,208,204,219,208,234,213,264,231,219,230,219,168,162,153,164,161,180,171,162,157,197,185,211,201,341,220,241,218,316,295,550,526,498,483,844,852,1262,1202,2164,2088,1947,1593,1778,1109]} 1. Nf3 Nf6 2. c4 g6 3. b4 Bg7 4. Bb2 O-O 5. e3 d6 6. d4 c5 7. a3 {E60: King's Indian: Unusual lines and Fianchetto Variation without Nc3} Qb6 8. Nc3 {[%cal Bb1c3,Bc3b5,Bb5d6][%mdl 32]} cxd4 $146 ({Predecessor:} 8... cxb4 9. Na4 Qc7 10. axb4 Nc6 11. b5 Na5 12. Nd2 Be6 13. d5 Bd7 14. Be2 e6 {1-0 (51) Kortschnoj,V (2625)-Nunn,J (2600) Nuremberg 1990}) 9. exd4 {The position is equal.} e5 10. dxe5 dxe5 11. c5 (11. Nxe5 Re8 $17) 11... Qe6 $1 12. Nb5 {[#] Strongly threatening Nc7.} e4 13. Nfd4 $36 {[%mdl 2048] Black is under pressure.} Qe7 14. Nd6 e3 {Hoping for ...exf2+.} 15. fxe3 Qxe3+ 16. Qe2 Qh6 17. Qd2 Qh4+ $2 (17... Qxd2+ $11 {and Black has nothing to worry.} 18. Kxd2 b6) 18. g3 $18 Qh5 19. Bg2 Ng4 20. Qe2 Nc6 21. Nxc6 bxc6 22. Bxg7 ({Inferior is} 22. Bxc6 Ba6 $11) 22... Kxg7 23. h3 Qe5 24. Qxe5+ Nxe5 25. Kd2 Rb8 26. Rhe1 f6 27. Kc3 Bd7 28. g4 h6 29. Rad1 Rfd8 (29... a5 $142 30. Nc4 (30. bxa5 Be6 $16) 30... axb4+ 31. axb4 Be8 32. Nxe5 fxe5) 30. a4 Be8 31. a5 {[%cal Ba4a5,Ba5a6][%mdl 32]} Kf8 (31... g5 $142 32. Nc4 Kf7) 32. a6 Bf7 $2 {[#]} (32... Kg7 33. Nc4 Nxc4 34. Kxc4 Rxd1 35. Rxd1 Kf7) 33. Rxe5 $1 {[%mdl 576] Remove Defender. White is clearly winning.} fxe5 34. Rf1 Rd7 (34... Rxd6 $142 35. cxd6 Rd8) 35. Bxc6 (35. Rxf7+ Rxf7 36. Nxf7 Kxf7 $18) 35... Rxd6 36. cxd6 Rc8 37. b5 Kg7 38. Kb4 e4 39. Re1 {Accuracy: White = 73%, Black = 31%.} 1-0

[Event "5th EKA IIFL Investment 2019"]
[Site "Mumbai"]
[Date "2020.01.02"]
[Round "4.11"]
[White "Hesham, Abdelrahman"]
[Black "Mithil, Ajgaonkar"]
[Result "1-0"]
[WhiteElo "2416"]
[BlackElo "2278"]
[Annotator "ChessBase"]
[PlyCount "81"]
[EventDate "2019.12.30"]
[EventType "swiss"]
[EventCountry "IND"]
[SourceTitle "playchess.com"]
[Source "ChessBase"]
[SourceQuality "1"]
[TimeControl "40/5400+30:1800+30"]

1. Nf3 {[%emt 0:00:00]} d5 {[%emt 0:00:00]} 2. e3 {[%emt 0:00:00]} Nf6 {[%emt 0:00:31]} 3. c4 {[%emt 0:00:00]} c6 {[%emt 0:00:04]} 4. b3 {[%emt 0:00:41]} e6 {[%emt 0:02:41]} 5. Nc3 {[%emt 0:00:38]} Nbd7 {[%emt 0:00:21]} 6. Qc2 {[%emt 0:00:04]} Bd6 {[%emt 0:02:23]} 7. Bb2 {[%emt 0:00:08]} O-O {[%emt 0:02:04]} 8. Be2 {[%emt 0:00:05]} e5 {[%emt 0:17:17]} 9. cxd5 {[%emt 0:00:30]} cxd5 {[%emt 0:08:14]} 10. Nb5 {[%emt 0:00:06]} Bb8 {[%emt 0:00:42]} 11. Rc1 {[%emt 0:00:06]} a6 {[%emt 0:17:20]} 12. Nc7 {[%emt 0:07:00]} Ra7 {[%emt 0:03:10]} 13. Ng5 {[%emt 0:06:12]} b5 {[%emt 0:31:44]} 14. Nxd5 {[%emt 0:03:33]} Bb7 {[%emt 0:00:38]} 15. Nxf6+ {[%emt 0:07:59]} Nxf6 {[%emt 0:00:02]} 16. f4 {[%emt 0:00:15]} Bxg2 {[%emt 0:04:37]} 17. Rg1 {[%emt 0:02:28]} Rc7 {[%emt 0:00:29]} 18. Bc4 {[%emt 0:04:01]} bxc4 {[%emt 0:03:59]} 19. Bxe5 {[%emt 0:00:14]} cxb3 {[%emt 0:00:54]} 20. Bxc7 {[%emt 0:00:08]} Bxc7 {[%emt 0:00:36]} 21. axb3 {[%emt 0:00:06]} Bxf4 {[%emt 0:00:40]} 22. Rxg2 {[%emt 0:01:59]} Re8 {[%emt 0:01:54]} 23. Qf5 {[%emt 0:04:56]} Be5 {[%emt 0:00:38]} 24. Nf3 {[%emt 0:00:40]} Qd5 {[%emt 0:00:30]} 25. Ke2 {[%emt 0:03:05]} g6 {[%emt 0:00:26]} 26. Qd3 {[%emt 0:01:03]} Qa8 {[%emt 0:00:30]} 27. Rg5 {[%emt 0:00:33]} Rd8 {[%emt 0:00:30]} 28. Qc4 {[%emt 0:01:03]} Bxh2 29. Nxh2 {[%emt 0:07:36]} Ne4 {[%emt 0:00:46]} 30. Rg4 {[%emt 0:00:04]} Rxd2+ {[%emt 0:00:34]} 31. Ke1 {[%emt 0:00:03]} Nd6 {[%emt 0:00:38]} 32. Qc6 {[%emt 0:00:26]} Qd8 {[%emt 0:00:36]} 33. Kxd2 {[%emt 0:02:05]} Nc4+ {[%emt 0:00:18]} 34. Kc3 {[%emt 0:00:17]} Qd2+ {[%emt 0:00:33]} 35. Kxc4 {[%emt 0:00:04]} Qxc1+ {[%emt 0:00:03]} 36. Kd5 {[%emt 0:00:05]} Qh1+ {[%emt 0:00:22]} 37. e4 Qd1+ {[%emt 0:00:28]} 38. Ke5 {[%emt 0:05:00]} Qe2 {[%emt 0:00:19]} 39. Kf6 {[%emt 0:01:24]} Qf2+ {[%emt 0:01:07]} 40. Ke7 {[%emt 0:00:00]} h5 {[%emt 0:00:00]} 41. Rxg6+ {[%emt 0:01:20]} 1-0